U.S. exports commodity by country

Na minha lista:
Detalhes bibliográficos
Formato: Periódico
Idioma:inglês
Publicado em: Washington U.S. Government Printing Office
Tags: Adicionar Tag
Sem tags, seja o primeiro a adicionar uma tag!

MARC

LEADER 00000nas1a2200000$$$4500
001 0013324
005 20250730114820.6
041 0 |a eng 
044 |a US 
245 1 0 |a U.S. exports  |b commodity by country 
264 1 |a Washington  |b U.S. Government Printing Office